| 000 | 00667nam a2200205 a 4500 | ||
|---|---|---|---|
| 999 |
_c233 _d233 |
||
| 005 | 20180115102349.0 | ||
| 008 | 140219b1971 ck ||||| |||| 00| 0 spa d | ||
| 040 |
_aCO-BoIAVH _cCO-BoIAVH |
||
| 041 | _aspa | ||
| 044 | _ack | ||
| 090 |
_aIND-I _b05 |
||
| 100 | _aChirivi Gallego, Hernando | ||
| 245 | _aNotas sobre la problemática del manejo de los Crocodylia en Colombia con especial referencia a la babilla (Caiman crocodilus) y la factibilidad de su cría en cautividad | ||
| 260 |
_aBogotá _bInderena _c1971 |
||
| 300 | _a163 paginas | ||
| 650 | 1 | 4 | _aCría en cautiverio |
| 650 | 1 | 4 | _aInventarios |
| 662 | _aColombia | ||
| 942 |
_cINFORME _2z |
||